V Seminario-Taller: problemas de la Historia y la Historiografía Colonial. Comunicaciones y resúmenes
Saved in:
| Main Author: | |
|---|---|
| Format: | Book |
| Language: | Spanish |
| Published: |
Valparaíso, Chile
Instituto de Historia. Universidad Católica de Valparaíso
1996
|
| Subjects: | |
| Tags: |
Add Tag
No Tags, Be the first to tag this record!
|
MARC
| LEADER | 00000cam a2200000 a 4500 | ||
|---|---|---|---|
| 001 | UCF3527 | ||
| 003 | CL-VaPUC | ||
| 005 | 20230913104526.0 | ||
| 008 | 121018e19960900cl 1 spa d | ||
| 999 | |c 384708 |d 384706 | ||
| 040 | |c Pontificia Universidad Católica de Valparaíso | ||
| 082 | 0 | 4 | |a 907.20983 CAV 1996 |2 21 |
| 100 | |a Cavieres Figueroa, Eduardo Lincoyán |e autor |9 884614 | ||
| 245 | 1 | 0 | |a V Seminario-Taller: |b problemas de la Historia y la Historiografía Colonial. Comunicaciones y resúmenes |
| 260 | |a Valparaíso, Chile |b Instituto de Historia. Universidad Católica de Valparaíso |c 1996 | ||
| 300 | |a 76 páginas | ||
| 518 | |p Seminario-Taller: problemas de la Historia y la Historiografía Colonial, 5, Viña del Mar, septiembre 1996 | ||
| 536 | |a Instituto de Historia. Universidad Católica de Valparaíso | ||
| 546 | |a En Español | ||
| 583 | |a last modification |c 20190910 10:38:11 |k Rodrigo Vera | ||
| 650 | 0 | 0 | |a Historiografía chilena |x Ciencias políticas |9 441414 |
| 650 | 0 | 0 | |a Historia de Chile |9 265473 |x Periodo colonial |y 1521-1820 |
| 942 | |c BK |2 ddc | ||
| 945 | |a dcastane |d 20121018 00:00:00 | ||
| 952 | |0 0 |1 0 |2 ddc |4 0 |6 907_209830000000000_CAV_1996 |7 0 |8 A |9 507628 |a BIBHIS |b BIBHIS |d 2020-01-23 |i 4915909 |o 907.20983 CAV 1996 |p 4915909 |r 2025-01-20 |t 1 |w 2020-01-23 |y BK |k HIS | ||
| 952 | |0 0 |1 0 |2 ddc |4 0 |6 907_209830000000000_CAV_1996 |7 0 |8 A |9 507629 |a BIBHIS |b BIBHIS |d 2020-01-23 |i 4915917 |o 907.20983 CAV 1996 |p 4915917 |r 2025-01-20 |t 2 |w 2020-01-23 |y BK |k HIS | ||